000 00421nam a2200145Ia 4500
008 230411s9999 xx 000 0 und d
020 _a978-93-5152-796-1
041 _aeng
082 _aPS/610.7365/GOR/B08227
100 _aGorman Linda & Anwar Robynn
_9179858
245 _aNeebs Fundamentals of Mental Health Nursing
260 _bF A Davis Company
_aPhiladelphia
_c2015
300 _a416p
999 _c158044
_d158044